000 00236nam a2200097Ia 4500
008 240331s9999 xx 000 0 und d
082 _bRAN
100 _aRanaweera, E
245 0 _aWhat will you do do do clara what will you do?
942 _cL
999 _c4347
_d4347